| 000 | 01612nas a2200409 c 4500 | ||
|---|---|---|---|
| 001 | 25534 | ||
| 003 | ES-MaCES | ||
| 005 | 20250409083302.0 | ||
| 007 | cr ||||||||||| | ||
| 008 | 960802c1945 sp | | |spa d | ||
| 022 | _a0006-6249 | ||
| 035 |
_aCES19980005151p _z10529 |
||
| 040 |
_aES-MaCES _bspa _cES-MaCES |
||
| 245 | 0 | 0 |
_aBoletín de estudios económicos _cpublicación de la Asociación de Licenciados en Ciencias Económicas por la Universidad Comercial de Deusto |
| 260 |
_aBilbao (Hnos. Aguirre, 2, 48080) _b[Asociación de Licenciados, Universidad Comercial de Deusto] _c[ca. 1945]- |
||
| 300 |
_av. _c22 cm |
||
| 310 | _aCuatrimestral | ||
| 500 | _aCerrada la suscripción de la ed. impresa, continua ed. electrónica | ||
| 500 | _aBibliografía | ||
| 500 | _aDescripción basada en: v. 50, n. 154 (abr. 1995) | ||
| 541 | _cCanje | ||
| 650 | 4 |
_aciencias económicas _927066 |
|
| 650 | 4 |
_ainvestigación en la administración empresarial _930349 |
|
| 650 | 4 |
_aeconometría _927069 |
|
| 650 | 4 |
_ateoría económica _927076 |
|
| 650 | 4 |
_928178 _aempresa |
|
| 653 | 1 | 0 | _aEconomía |
| 710 | 2 |
_aUniversidad Comercial de Deusto _bAsociación de Licenciados en Ciencias Económicas _95226 |
|
| 853 | 2 | 1 |
_avol. _bn. _iaño _jmes _vc _wt |
| 855 |
_bíndice vol. _iaño _vc _wa _ypm12 |
||
| 856 | 4 |
_uhttps://bee.revistas.deusto.es/issue/archive _ytexto completo desde vol. 76, n. 232 (2021) |
|
| 866 | 0 |
_a1995-2022 _zUbicación: DEPÓSITO - 10529 |
|
| 905 |
_1Boletín A _kSÍ _nBolDEstEco _pA |
||
| 942 |
_2CES _cCR _h0.0. |
||
| 999 |
_c25534 _d25534 |
||